UM Logo

Digital design/ (Record no. 6585)

MARC details
000 -LEADER
fixed length control field 00663nam a2200205 4500
008 - FIXED-LENGTH DATA ELEMENTS--GENERAL INFORMATION
fixed length control field 170420b xxu||||| |||| 00| 0 eng d
020 ## - INTERNATIONAL STANDARD BOOK NUMBER
International Standard Book Number 981-3076-81-X
082 ## - DEWEY DECIMAL CLASSIFICATION NUMBER
Edition number 1998
Classification number DC 621.395
Item number M31
100 ## - MAIN ENTRY--PERSONAL NAME
9 (RLIN) 19936
Personal name Mano, M. Morris
Dates associated with a name 1927-
245 ## - TITLE STATEMENT
Title Digital design/
Statement of responsibility, etc. M. Morris Mano.
250 ## - EDITION STATEMENT
Edition statement Second Edition
260 ## - PUBLICATION, DISTRIBUTION, ETC. (IMPRINT)
Place of publication, distribution, etc. London:
Name of publisher, distributor, etc. Prentice Hall International,
Date of publication, distribution, etc. c1998.
300 ## - PHYSICAL DESCRIPTION
Extent xi, 516 pages:
Other physical details illustrations;
Dimensions 23 cm.
500 ## - GENERAL NOTE
General note Includes index.
650 #0 - SUBJECT ADDED ENTRY--TOPICAL TERM
9 (RLIN) 19937
Topical term or geographic name as entry element Electronic digital computers -- Circuits
650 #0 - SUBJECT ADDED ENTRY--TOPICAL TERM
9 (RLIN) 19938
Topical term or geographic name as entry element Logic circuits
650 #0 - SUBJECT ADDED ENTRY--TOPICAL TERM
9 (RLIN) 19939
Topical term or geographic name as entry element Logic design
650 #0 - SUBJECT ADDED ENTRY--TOPICAL TERM
9 (RLIN) 19940
Topical term or geographic name as entry element Digital integrated circuits
942 ## - ADDED ENTRY ELEMENTS (KOHA)
Source of classification or shelving scheme Dewey Decimal Classification
Koha item type Circulation
Holdings
Withdrawn status Lost status Source of classification or shelving scheme Damaged status Not for loan Collection code Home library Current library Date acquired Source of acquisition Total Checkouts Full call number Barcode Date last seen Copy number Price effective from Koha item type
    Dewey Decimal Classification     Circulation UM Digos College - LIC UM Digos College - LIC 03/21/2000 Purchased   DC 621.395 M31 1998 13881 05/15/2025 1 04/20/2017 Circulation
    Dewey Decimal Classification     Circulation UM Digos College - LIC UM Digos College - LIC 03/21/2000 Purchased   DC 621.395 M31 1998 13882 05/15/2025 2 04/20/2017 Circulation
    Dewey Decimal Classification     Circulation UM Digos College - LIC UM Digos College - LIC 03/21/2000 Purchased   DC 621.395 M31 1998 13885 05/15/2025 5 04/20/2017 Circulation
    Dewey Decimal Classification     Circulation UM Digos College - LIC UM Digos College - LIC 03/21/2000 Purchased   DC 621.395 M31 1998 13883 05/15/2025 3 04/20/2017 Circulation
    Dewey Decimal Classification     Circulation UM Digos College - LIC UM Digos College - LIC 03/21/2000 Purchased   DC 621.395 M31 1998 13884 05/15/2025 4 04/20/2017 Circulation